Maquiavelo light : una crítica sobre el trabajo en la modernidad tardía /

Los sociólogos Sandra y Carlos, analizan en la presente obra el nuevo orden del trabajo emanado de los discursos del management, donde se asentúa la idea de negocio como sustancia, la utilidad como fin, la exclusión de la persona como ente de relaciones y el rechazo de la tradición filosófica humani...

Ausführliche Beschreibung

Gespeichert in:
Bibliographische Detailangaben
1. Verfasser: Somoza, Sandra (autor)
Weitere Verfasser: Catuogno, Carlos (autor) (autor)
Format: Buch
Sprache:Spanisch
Veröffentlicht: Buenos Aires, Argentina : Biblos, 2007, c2007
Schlagworte:
Tags: Tag hinzufügen
Keine Tags, Fügen Sie das erste Tag hinzu!

MARC

LEADER 00000nam^a2200000^a^4500
001 000306081
005 20250521000000.0
009 20260310112807.464
020 |a 978-950-786-579-4 
037 |a Acervo ITESO - Biblioteca 
041 |a ESP 
082 |a 306. 36  |b SOM 
100 |a Somoza, Sandra  |e (autor) 
245 1 0 |a Maquiavelo light :  |b una crítica sobre el trabajo en la modernidad tardía /  |c S. Somoza, C. Catuogno. 
264 4 |a Buenos Aires, Argentina :  |b Biblos,  |c 2007, c2007 
300 |a 124 p. 
336 |a texto  |b txt  |2 rdacontenido 
337 |a sin mediación  |b n  |2 rdamedio 
338 |a volumen  |b nc  |2 rdasoporte 
520 |a Los sociólogos Sandra y Carlos, analizan en la presente obra el nuevo orden del trabajo emanado de los discursos del management, donde se asentúa la idea de negocio como sustancia, la utilidad como fin, la exclusión de la persona como ente de relaciones y el rechazo de la tradición filosófica humanista junto con su vision teórica y crítica. 
649 |a XX 
650 |a Trabajo -  |x Tema Principal 
650 |a Trabajo -  |x Aspectos Eticos 
650 |a División del Trabajo 
650 |a Proceso Administrativo 
650 |a Empresas 
650 |a Sociedad Postindustrial 
650 |a Modernidad y Posmodernidad 
650 |a Sociología Laboral 
700 |a Catuogno, Carlos  |e (autor) 
910 |a Fondo General 
920 |a Impresos - Libros 
930 |a Colección General 
905 |a 101 
901 |a 0500192001  |b IT1  |c ACC  |i C125334  |u 20250521 
902 |a https://opac.biblio.iteso.mx/vufind/Record/000306081